| 000 | 00911nam a22002417a 4500 | ||
|---|---|---|---|
| 005 | 20180219112849.0 | ||
| 010 | _aB-689586 | ||
| 020 |
_c2095.00 _a9789350357347 |
||
| 035 | _aB-689586 | ||
| 037 |
_adpl _bKKP |
||
| 082 | _a345.5408 | ||
| 100 | _aNalwa, Suman | ||
| 245 |
_aCommentary on the juvenile justice act / _cby Suman Nalwa [and] Hari Dev Kohli |
||
| 250 | _a2nd ed | ||
| 260 |
_aDelhi _bUniversal Law Publishing _c2016 |
||
| 270 |
_aLexisNexis, 14th Floor, Building No.10, DLF Cyber City, Phase-II _bGurgaon _e122002 |
||
| 300 |
_acxii,1776p. _c25cm(Hb) |
||
| 500 | _aIncludes index | ||
| 505 | _a(Rashtrapati Bhawan) | ||
| 700 | _aKohli, Hari Dev | ||
| 942 |
_2ddc _cEN _mNAL _h345.5408 |
||
| 999 |
_c150018 _d150018 |
||